000 01359cam a22004214i 4500
003 PE-LiUPU
005 20250731173300.0
008 150625s1933 enk r 000 0 grc d
035 _a(Sirsi) a36055
040 _aPE-LiUPU
_bspa
_cPE-LiUPU
_erda
082 0 4 _a220.48
_bB13
_221
130 _aBiblia.
_lGriego.
_f1933.
245 1 0 _aTa Iepa Tpammata.
264 1 _aLondres :
_bOxford, University Press,
_c1933.
300 _a1279 páginas ;
_c17 centímetros
336 _atext
_2rdacontent
337 _aunmediated
_2rdamedia
338 _avolume
_2rdacarrier
505 0 _aBiblia en griego.
526 _aSEG42
526 _aSEG41
526 _aSEG40
526 _aSEG39
526 _aP94
526 _aP87
526 _aP86
526 _aP85
526 _aP77
526 _aP76
526 _aP35
630 _aBiblia.
_pN.T.
_lGriego.
_f1933.
910 _baj
_cnm
_d20050513
942 _2ddc
_cBOOK
949 _a220.48 B13
_wDEWEY
_c1
_i55150
_lCCODEBUL1
_mBUL
_p10
_r0
_sY
_tBOOK
_u2015-06-25
_xBIBLIOTECA
_PP35
_0COMPRA
_o.STAFF. Colección Teología
596 _a1
999 _a220.48 B13
_wDEWEY
_c44086
_i55150
_d44086
_e2019-8-23
_f2021-11-9
_g5
_lCCODEBUL1
_mBUL
_n3
_p15.00
_q3
_r0
_sY
_tBOOK
_u2015-6-25
_xTEOLOGIA
_PP35
_0COMPRA
_o.STAFF. Colección Teología
980 _81
_gALBERTO SANCHEZ Responsable de Automatización